Vista normal
Vista MARC
Entrada Personal Name
Número de registros utilizados en: 1
001 - CONTROL NUMBER
- control field: 3074
003 - CONTROL NUMBER IDENTIFIER
- control field: OSt
005 - DATE AND TIME OF LATEST TRANSACTION
- control field: 20240412121436.0
008 - FIXED-LENGTH DATA ELEMENTS
- fixed length control field: 240412|| aca||aabn | a|a d
040 ## - CATALOGING SOURCE
- Original cataloging agency: OSt
- Transcribing agency: OSt
100 ## - HEADING--PERSONAL NAME
- Personal name: García Gualda, Suyai Malen
670 ## - SOURCE DATA FOUND
- Source citation: Work cat.: (OSt)2263: Sampayo, Horacio Comp. 3072, El acceso y la exclusión en el cuidado de la salud: una perspectiva antropológica., 2015.